Kleinste Länder - Sudden Death - Statistiken

Allgemein
  • Dieses Quiz wurde 408 mal gespielt
  • Das Durchschnittsergebnis liegt bei 5 aus 16
Answers on the Grid
Answers color-coded by a green-red scale on the quiz's grid according to % correct below.
Singapur
Bahrain
Monaco
Andorra
San Marino
Barbados
Liechtenstein
Malediven
Kiribati
Nauru
Palau
Malta
Grenada
Seychellen
St. Lucia
Luxemburg
Jamaika
Belize
Libanon
Kosovo
Mauritius
Kap Verde
Katar
Dschibuti
Zypern
Samoa
Trinidad und Tobago
Bahamas
Brunei
Marshallinseln
 
Antwortstatistiken
Antwort % Korrekt
Monaco
51%
San Marino
51%
Andorra
44%
St. Lucia
40%
Liechtenstein
38%
Nauru
36%
Palau
32%
Malta
27%
Singapur
25%
Kiribati
23%
Marshallinseln
21%
Grenada
18%
Seychellen
16%
Malediven
14%
Bahrain
11%
Barbados
11%
Keine übereinstimmenden Quizze gefunden
Verteilung der Resultate
Anzahl Personen mit jedem Resultat
Perzentil nach korrekt beantworteten Fragen
Ihre Resultats-Entwicklung
Sie haben dieses Quiz noch nicht gespielt